000 00700nam a2200265Ia 4500
008 160216s9999 xx 000 0 und d
020 _a0-7817-5155-1
050 _aMAIN RK 281
050 _b.S66 2006
100 _aSroda, Rebecca
245 _aNutrition for a healthy mouth /
245 _cRebecca Sroda.
260 _aSpringhouse, PA :
260 _bLippincott Williams & Wilkins.
260 _c2006
300 _a260 pages :
300 _bill. (some col.) ;
500 _aIncludes index.
650 _aDental assistants.
650 _aMouth --
650 _aNutrition and dental health.
650 _aNutrition.
650 _aOral Hygiene.
650 _xDiseases aspects.
999 _c290907
_d290907